000
00257nam a2200097Ia 4500
008
220204s9999 xx 000 0 und d
082
_b
KFR;1
245
0
_a
Chila thiranjedutha thadi samskarana sankethika vidyakal
260
_a
Peechi
_b
KFRI
_c
1999
942
_c
BK
999
_c
44046
_d
44046